[Event "Zt"]
[Site "Marianske Lazne (Czech Republic)"]
[Round "1"]
[White "Olafsson Fridrik (ISL)"]
[Black "Ghitescu Theodor (ROM)"]
[Result "1-0"]
[WhiteElo "2392"]
[BlackElo "2384"]

1.c4 c5 2.Nc3 Nc6 3.e3 g6 4.d4 Bg7 5.Nf3 d6 6.Be2 Nh6 7.d5 Ne5 8.Nxe5 dxe5
9.e4 f6 10.a3 Nf7 11.b4 Bh6 12.Bxh6 Nxh6 13.bxc5 O-O 14.Qb3 Nf7 15.O-O Qc7
16.Qb4 Kg7 17.Nb5 Qd8 18.d6 Bd7 19.c6 {#r} 1-0

[Event "It"]
[Site "Zevenaar (Netherlands)"]
[Round "6"]
[White "Lehmann Heinz G (GER)"]
[Black "Guimard Carlos E (ARG)"]
[Result "0-1"]
[WhiteElo "2285"]
[BlackElo "2325"]

1.c4 c5 2.Nc3 Nc6 3.Nf3 g6 4.e3 Nf6 5.d4 cxd4 6.exd4 d5 7.Bg5 Ne4 8.cxd5 Nxc3
9.bxc3 Qxd5 10.Be2 Bg7 11.Qd2 O-O 12.Rb1 a6 13.O-O Bf5 14.Rb6 Rfe8 15.Bh6 Na5
16.Bxg7 Kxg7 17.Ne5 Rad8 18.Rd1 f6 19.c4 Qe4 20.Nf3 Qc2 21.Qe1 Nxc4 22.Bxc4
Qxc4 23.Rxb7 Rd7 24.Rxd7 Bxd7 25.d5 Qxa2 26.Qe4 Qa4 27.Qe1 Qb5 28.h3 a5 29.g4
Qb3 30.Kg2 a4 31.Rd4 a3 32.Nd2 Qb7 33.Ne4 a2 34.Nc3 Qb2 35.Rd1 Kf7 36.g5 fxg5
37.Ra1 Rc8 38.Ne4 h6 39.Nd2 Qd4 40.Nf3 Qxd5 41.Rd1 Bxh3+ 42.Kg3 Qf5 43.Ne5+
Kg8 44.Qa5 h5 45.Rd8+ Kg7 46.Rxc8 h4+ {#R} 0-1

[Event "Ch Bulgaria"]
[Site "Sofia (Bulgaria)"]
[Date "1961.02.14"]
[Round "8"]
[White "Spassov Liuben (BUL)"]
[Black "Radulov Ivan (BUL)"]
[Result "0-1"]
[WhiteElo "2301"]
[BlackElo "2245"]

1.c4 c5 2.Nc3 Nc6 3.Nf3 g6 4.d4 cxd4 5.Nxd4 Bg7 6.Nxc6 bxc6 7.e4 Qa5 8.Qc2 Nf6
9.Bd2 O-O 10.Be2 Rb8 11.O-O Qc7 12.Rac1 d6 13.b3 Nd7 14.Be3 Qa5 15.Qd2 Nc5
16.f3 Rd8 17.Rfd1 Qb4 18.Nb5 Qxd2 19.Rxd2 cxb5 20.Bxc5 Bh6 21.Rcd1 Bxd2
22.Rxd2 bxc4 23.Bxc4 a5 24.Ba7 Rb7 25.Bd4 Be6 26.Ba6 Rc7 27.Bb6 Rc1+ 28.Kf2
Rb8 29.Be3 Rc6 30.Bd3 f6 31.Rd1 Kf7 32.Bd2 a4 33.bxa4 Rb2 34.Ke3 Bxa2 35.a5
Bc4 {#R} 0-1

[Event "Ch Ukraine"]
[Site "Kiev (Ukraine)"]
[Round "12"]
[White "Kogan Boris M (USA)"]
[Black "Zhidkov Valery S (UKR)"]
[Result "1-0"]
[WhiteElo "2445"]
[BlackElo "2314"]

1.c4 c5 2.Nc3 Nc6 3.Nf3 g6 4.e3 d6 5.d4 Bg7 6.Be2 Bg4 7.O-O Nf6 8.h3 cxd4
9.exd4 Bxf3 10.Bxf3 O-O 11.Be3 Nd7 12.Qd2 Rc8 13.b3 Qa5 14.Rac1 Rfe8 15.Rfd1
Nf8 16.h4 Nd7 17.h5 Nf6 18.hxg6 hxg6 19.Re1 a6 20.Qe2 Nd7 21.Red1 Nf6 22.g3 e5
23.dxe5 dxe5 24.Bxc6 bxc6 25.Na4 e4 26.Nc5 Bf8 27.Nd7 Nxd7 28.Rxd7 Rcd8
29.Rcd1 Rxd7 30.Rxd7 Bc5 31.Qd2 Qb6 32.Bxc5 Qxc5 33.Qf4 Re7 34.Rd8+ Kg7 35.Qh4
g5 36.Qh8+ Kg6 37.Rg8+ Kf5 38.Qh3+ Kf6 39.Qh6+ {#r} 1-0

[Event "Ch Moscow"]
[Site "Moscow (Russia)"]
[Round "9"]
[White "Shamkovich Leonid (USA)"]
[Black "Nikitin Aleksander S (RUS)"]
[Result "1-0"]
[WhiteElo "2342"]
[BlackElo "2430"]

1.c4 c5 2.Nc3 Nc6 3.Nf3 g6 4.e3 d6 5.d4 Bg4 6.Be2 Bg7 7.d5 Na5 8.Qa4+ Bd7
9.Qc2 a6 10.O-O Rb8 11.a4 Bg4 12.Bd2 Bxf3 13.gxf3 Nf6 14.Kh1 O-O 15.Ne4 b6
16.Bc3 e5 17.dxe6 fxe6 18.Rad1 Nb7 19.f4 Qe7 20.Bf3 Nxe4 21.Bxe4 Nd8 22.Rg1
Bxc3 23.Qxc3 Rf6 24.Rxd6 Qxd6 25.Qxf6 Nf7 26.h4 Qd8 27.Qxe6 Qxh4+ 28.Kg2 Qd8
29.Bd5 {#r} 1-0

[Event "Olympiad"]
[Site "Tel Aviv (Israel)"]
[Round "8"]
[White "Naranja Renato (PHI)"]
[Black "Letelier Rene (CHI)"]
[Result "1-0"]
[WhiteElo "2226"]
[BlackElo "2151"]

1.c4 c5 2.Nc3 Nc6 3.Nf3 g6 4.d4 cxd4 5.Nxd4 Bg7 6.e3 Nf6 7.Be2 O-O 8.O-O d5
9.cxd5 Nxd5 10.Nxd5 Qxd5 11.Bf3 Qc4 12.Nxc6 bxc6 13.Be2 Qc5 14.Qa4 Rb8 15.Bf3
Rb5 16.Rb1 Bf5 17.e4 Be6 18.b4 Qc4 19.a3 g5 20.h3 h5 21.Bxh5 Qxe4 22.Bb2 Bxb2
23.Rxb2 g4 24.Bxg4 Bxg4 25.hxg4 Rg5 26.Qxa7 Qxg4 27.f4 Rh5 28.Qxe7 Kg7 29.Rf3
Rfh8 30.Kf2 Rf5 31.Rbb3 Rh6 32.Rg3 Rxf4+ 33.Kg1 {#r} 1-0

[Event "It "]
[Site "Beverwijk (Netherlands)"]
[Round "0"]
[White "Bobotsov Milko G (BUL)"]
[Black "Bagirov Vladimir (LAT)"]
[Result "1-0"]
[WhiteElo "2405"]
[BlackElo "2482"]

1.c4 c5 2.Nc3 Nc6 3.Nf3 g6 4.e3 Bg7 5.d4 d6 6.d5 Na5 7.Be2 Bxc3+ 8.bxc3 Nf6
9.Nd2 e5 10.e4 b6 11.Bd3 Nh5 12.Nb3 O-O 13.Bh6 Ng7 14.O-O f5 15.Nxa5 bxa5
16.f4 fxe4 17.Bxe4 exf4 18.Rxf4 Rxf4 19.Bxf4 Qf6 20.Qd2 Ba6 21.Bd3 Re8 22.Rf1
Qd8 23.Bg5 Qc7 24.Qf2 Bc8 25.Qf6 Bf5 26.Bxf5 Nxf5 27.g4 Ng7 28.Bf4 Qd7 29.h3
Rd8 30.Bh6 Re8 31.Rf3 Qe7 32.Qxe7 Rxe7 33.Rf6 Rd7 34.a4 Rd8 35.Kg2 Rd7 36.Kg3
Rd8 37.Kh4 Rd7 38.Kg5 Rd8 39.h4 Rd7 40.h5 gxh5 41.gxh5 a6 42.Bxg7 Rxg7+ 43.Kf5
Rg3 44.Ke6 Rxc3 45.Rf4 {#r} 1-0

[Event "Ch Baltik Republics"]
[Site "Palanga (URS)"]
[Round "0"]
[White "Nei Iivo (EST)"]
[Black "Maslov Leonid P (UZB)"]
[Result "1-0"]
[WhiteElo "2369"]
[BlackElo "2300"]

1.c4 c5 2.Nc3 Nc6 3.e3 Nf6 4.d4 cxd4 5.exd4 d6 6.d5 Ne5 7.f4 Ned7 8.Nf3 g6
9.Be3 Bg7 10.Nd4 O-O 11.Be2 Nc5 12.O-O Bd7 13.Bf3 Qc8 14.h3 a5 15.b3 Ne8
16.Rc1 Nc7 17.Re1 Rb8 18.Qd2 Qd8 19.Be2 N7a6 20.Rb1 Nc7 21.a3 Ra8 22.b4 axb4
23.axb4 Na4 24.Nxa4 Rxa4 25.Bf3 Qa8 26.Bf2 Re8 27.Rec1 Ra2 28.Rb2 Ra1 29.Rc2
Rxc1+ 30.Rxc1 Qa4 31.c5 dxc5 32.bxc5 Bc8 33.c6 Na6 34.d6 exd6 35.cxb7 Bd7
36.Nc6 Qa3 37.Rd1 Bf8 38.Bd4 Nb8 39.Nxb8 Rxb8 40.Ra1 Qb3 41.Qb2 {#r} 1-0

[Event "Olympiad (students) (team)"]
[Site "Sinaya (Romania)"]
[Round "3"]
[White "Avner Uri (ISR)"]
[Black "Jansa Vlastimil (CZE)"]
[Result "0-1"]
[WhiteElo "2245"]
[BlackElo "2456"]

1.c4 c5 2.Nc3 Nc6 3.g3 g6 4.Bg2 Bg7 5.Nf3 Nf6 6.O-O O-O 7.d4 cxd4 8.Nxd4 Qa5
9.Nc2 d6 10.Nd5 Nxd5 11.Bxd5 Bh3 12.Re1 Rac8 13.Ne3 Qa6 14.Qb3 e6 15.Bh1 Na5
16.Qb4 Rc5 17.Bd2 Rfc8 18.Rac1 Bf8 19.Qa4 Nxc4 20.Qxa6 bxa6 21.Nxc4 Rxc4
22.Rxc4 Rxc4 23.Rc1 Rxc1+ 24.Bxc1 Bg7 25.Bb7 a5 26.e3 d5 27.f3 Bf5 28.e4 dxe4
29.Bxe4 Bxe4 30.fxe4 Kf8 31.Kf2 Ke7 32.b3 Bd4+ 33.Ke2 Kd6 34.Bd2 Bb6 35.Kf3 f5
36.exf5 gxf5 37.Bh6 Kd5 38.h3 e5 39.g4 f4 40.h4 Bc7 {#R} 0-1

[Event "Match "]
[Site "Sofia (Bulgaria)"]
[Round "4"]
[White "Bobotsov Milko G (BUL)"]
[Black "Bannik Anatoly (GER)"]
[Result "0-1"]
[WhiteElo "2405"]
[BlackElo "2175"]

1.c4 c5 2.Nc3 Nc6 3.Nf3 g6 4.e3 Bg7 5.d4 d6 6.d5 Nb8 7.e4 Nf6 8.Be2 O-O 9.O-O
Na6 10.Bf4 Nh5 11.Bg5 h6 12.Be3 Nf6 13.Qd2 Kh7 14.Rad1 Nc7 15.h3 a6 16.e5 Nd7
17.Ne4 Nxe5 18.Nxe5 Bxe5 19.Bxh6 Rh8 20.Bf4 Bg7 21.Bd3 b5 22.b3 bxc4 23.bxc4
Ne8 24.Rb1 Nf6 25.Ng5+ Kg8 26.Rfe1 Nh5 27.Be3 Nf6 28.f4 Nh7 29.Bf2 Nxg5
30.fxg5 Be5 31.Bxc5 Bxh3 32.Rxe5 dxe5 33.gxh3 Qc8 34.Bxe7 Qxh3 35.Be4 Rh4
36.Rb3 Qd7 37.Bg2 Qxe7 38.d6 Qa7+ 39.Qf2 Rxc4 40.Rb6 Rc2 41.Qe3 Rb2 42.Bxa8
Qxb6 {#R} 0-1

[Event "Ch Ukraine"]
[Site "Kiev (Ukraine)"]
[Round "5"]
[White "Levin Naum L (AUS)"]
[Black "Lerner Konstantin Z (UKR)"]
[Result "1-0"]
[WhiteElo "2420"]
[BlackElo "2515"]

1.c4 c5 2.Nc3 Nc6 3.Nf3 g6 4.e3 Bg7 5.d4 d6 6.Be2 Nf6 7.d5 Nb8 8.e4 b5 9.cxb5
O-O 10.O-O a6 11.Re1 Nbd7 12.bxa6 Bxa6 13.Bxa6 Rxa6 14.h3 Nb6 15.Qd3 Qa8
16.Bf4 Na4 17.Nd1 Rb8 18.Rb1 Nb6 19.a3 Nfd7 20.Qc2 c4 21.Bg5 Kf8 22.Be3 Rc8
23.Bd4 Ne5 24.Nxe5 Bxe5 25.Bxe5 dxe5 26.Nc3 Rc5 27.Na2 f6 28.Nb4 Ra4 29.Re3
Nc8 30.Rc1 Nd6 31.Qe2 Qc8 32.Rec3 Ra7 33.Nc6 Ra6 34.Rxc4 Rxc4 35.Rxc4 Nxc4
36.Qxc4 Ra8 37.Qb4 Qc7 38.a4 Qd6 39.Qb5 Qd7 40.a5 Qc8 41.Qc5 Qc7 42.b4 Ke8
43.Qb5 Kd7 44.Nxe5+ Kc8 45.Nc6 {#r} 1-0

[Event "It"]
[Site "Reykjavik (Iceland)"]
[Round "0"]
[White "Olafsson Fridrik (ISL)"]
[Black "Thorbergsson Freysteinn (ISL)"]
[Result "1-0"]
[WhiteElo "2392"]
[BlackElo "2340"]

1.c4 c5 2.Nc3 Nc6 3.Nf3 g6 4.e3 Bg7 5.d4 d6 6.Be2 Nf6 7.d5 Ne5 8.Nxe5 dxe5
9.e4 O-O 10.Be3 b6 11.a3 Bd7 12.h4 h6 13.g3 Qc8 14.Qd2 Kh7 15.f3 Nh5 16.Rg1 f5
17.exf5 gxf5 18.Bd3 Nf6 19.g4 e4 20.fxe4 Nxg4 21.exf5 Bxc3 22.Qxc3 Rg8 23.f6+
Bf5 24.f7 Rg7 25.O-O-O Bxd3 26.Qxd3+ Kh8 27.Rdf1 Qf8 28.Bd2 h5 29.Bc3 Rd8
30.Qg6 e5 31.dxe6 Rd4 32.Bxd4 cxd4 33.Qxh5+ Rh7 34.Qxg4 d3 35.Qg8+ {#r} 1-0

[Event "It"]
[Site "Titovo Uzice (Yugoslavia)"]
[Round "11"]
[White "Pachman Ludek (GER)"]
[Black "Udovcic Mijo (YUG)"]
[Result "1-0"]
[WhiteElo "2278"]
[BlackElo "2460"]

1.c4 c5 2.Nc3 Nc6 3.Nf3 g6 4.e3 d6 5.d4 Bg4 6.Be2 Bg7 7.d5 Nb8 8.h3 Bxf3
9.Bxf3 Nf6 10.e4 O-O 11.O-O Ne8 12.Be3 Nd7 13.Qd2 a6 14.Be2 Qa5 15.a4 Nc7
16.Qc2 Ne8 17.Bd2 Qd8 18.f4 Bd4+ 19.Kh2 Ng7 20.Bf3 Rb8 21.g4 Ne8 22.Be2 e6
23.Kg2 Qe7 24.Bd3 Bg7 25.Rad1 e5 26.f5 g5 27.a5 Nc7 28.Na4 b5 29.axb6 Nxb6
30.Rb1 Rfc8 31.b4 cxb4 32.Rxb4 Nd7 33.Rfb1 Rxb4 34.Rxb4 Nb5 35.Qb2 Nc5 36.Nxc5
dxc5 37.Ra4 Nd6 38.Rxa6 f6 39.Qa3 Bf8 40.Be3 Qb7 41.Ra5 Rb8 42.Kf3 h5 43.gxh5
Qh7 44.Kg4 Nf7 45.Ra8 Nh6+ 46.Kg3 Qb7 47.Rxb8 Qxb8 48.Bxc5 Nxf5+ 49.exf5 e4+
50.d6 exd3 51.Qxd3 Kh7 52.Ba3 Qa7 53.c5 Qa4 54.Bc1 Qh4+ 55.Kg2 g4 56.hxg4
Qxg4+ 57.Kf1 Qh4 58.Be3 Qh3+ 59.Ke2 Qxh5+ 60.Kd2 Qh2+ 61.Kc3 Qa2 62.Kb4 Qa8
63.Kc4 Qa6+ 64.Kd4 Qa4+ 65.Kd5 Qa8+ 66.Kd4 Qa4+ 67.Kc3 Qa5+ 68.Kb3 Qa8 69.Qc4
Qf3 70.Qf7+ Bg7 71.Qg6+ Kg8 72.Qe8+ Kh7 73.d7 Qd1+ 74.Kb4 {#r} 1-0

[Event "Olympiad Russia"]
[Site "Leningrad (Russia)"]
[Round "0"]
[White "Polugaevsky Lev A (RUS)"]
[Black "Timofeev Vladimir F (RUS)"]
[Result "1-0"]
[WhiteElo "2585"]
[BlackElo "2194"]

1.c4 c5 2.Nc3 Nc6 3.Nf3 e5 4.e3 d6 5.d4 Bg4 6.d5 Nce7 7.Be2 Bxf3 8.Bxf3 Qd7
9.e4 g6 10.Bg4 f5 11.exf5 gxf5 12.Bh3 h5 13.Ne4 Bg7 14.Ng5 Nf6 15.Ne6 Bh6
16.f4 e4 17.b4 cxb4 18.Bb2 Kf7 19.Qd4 Nh7 20.O-O Rhg8 21.Rae1 Rg6 22.Rxe4 Nf6
23.Re2 b6 24.Ng5+ Kf8 25.Rfe1 Nfg8 26.Rxe7 Nxe7 27.Qh8+ Ng8 28.Ne6+ Rxe6
29.dxe6 Qe7 30.Bxf5 Bxf4 31.Rf1 Qg5 32.Rxf4 {#r} 1-0

[Event "Olympiad"]
[Site "Lugano (Switzerland)"]
[Round "0"]
[White "Ivkov Borislav (SRB)"]
[Black "Pietzsch Wolfgang W (GDR)"]
[Result "1-0"]
[WhiteElo "2402"]
[BlackElo "2420"]

1.c4 c5 2.Nc3 Nc6 3.Nf3 g6 4.e3 d6 5.d4 cxd4 6.exd4 Bg4 7.Be2 Nh6 8.d5 Bxf3
9.Bxf3 Ne5 10.Be2 Bg7 11.O-O O-O 12.b3 Qa5 13.Nb5 Nf5 14.Bd2 Qb6 15.a4 a6
16.a5 Qd8 17.Nc3 Nd4 18.Na4 Qc7 19.Nb6 Rae8 20.Rc1 Nd7 21.Nxd7 Nxe2+ 22.Qxe2
Qxd7 23.Qd3 e5 24.dxe6 Rxe6 25.Be3 Qd8 26.b4 Qh4 27.Qd5 Qe7 28.c5 Be5 29.c6
bxc6 30.Rxc6 Qb7 31.Rxd6 Qxd5 32.Rxd5 Bc3 33.Bc5 Rb8 34.Rd3 Be1 35.Re3 Rxe3
36.fxe3 Bc3 37.Rb1 f5 38.Rb3 Bd2 39.Kf2 Rd8 40.Ke2 Bc1 41.Rd3 {#r} 1-0

[Event "Training game"]
[Site "Zuerich (Switzerland)"]
[Round "0"]
[White "Keres Paul (EST)"]
[Black "Kupper Josef (SUI)"]
[Result "1-0"]
[WhiteElo "2580"]
[BlackElo "2374"]

1.c4 c5 2.Nc3 Nc6 3.Nf3 g6 4.e3 Bg7 5.d4 d6 6.d5 Na5 7.Bd2 Nf6 8.a3 b6 9.b4
Nb7 10.Bd3 O-O 11.O-O e6 12.Rb1 e5 13.h3 cxb4 14.axb4 a5 15.bxa5 bxa5 16.Bc2
Nc5 17.Bc1 Nfd7 18.Ba3 Ba6 19.Nd2 f5 20.Nb5 Bxb5 21.cxb5 e4 22.f3 exf3 23.Nxf3
Qe7 24.Re1 Bc3 25.Re2 Rae8 26.Nd4 Qe5 27.Ne6 Rf6 28.b6 Rb8 29.Ba4 Qe4 30.Bxc5
Nxc5 31.Nxc5 dxc5 32.b7 Bb4 33.Bc6 c4 34.Qc2 Qxc2 35.Rxc2 c3 36.Re1 Kg7 37.g3
Rf7 38.e4 fxe4 39.Rxe4 Rbf8 40.Kg2 Bc5 41.Rc4 Ba7 42.h4 Rf2+ 43.Rxf2 Rxf2+
44.Kh3 Rd2 45.Rxc3 a4 46.Bxa4 Rxd5 47.Rc8 Rd4 48.Bc6 {#r} 1-0

[Event "It"]
[Site "Nethanya (Israel)"]
[Round "5"]
[White "Richter Kurt P O J (GDR)"]
[Black "Bleiman Yaacov (ISR)"]
[Result "0-1"]
[WhiteElo "2089"]
[BlackElo "2450"]

1.c4 c5 2.Nc3 Nc6 3.Nf3 e5 4.d3 d6 5.g3 Be7 6.Bg2 Nf6 7.O-O O-O 8.a3 h6 9.Rb1
a5 10.Bd2 Be6 11.Ne1 d5 12.cxd5 Nxd5 13.Nc2 Qd7 14.Nxd5 Bxd5 15.Bxd5 Qxd5
16.Ne3 Qe6 17.Qa4 Nd4 18.Rfe1 b5 19.Qd1 a4 20.Bc3 Nb3 21.Ng2 Rfd8 22.Qc2 Rac8
23.Rbd1 b4 24.Bd2 c4 25.Bxb4 Bxb4 26.axb4 cxd3 27.Qb1 d2 28.Rf1 Qc4 29.Qf5
Qxe2 30.Ne3 Nd4 31.Qb1 Nf3+ 32.Kg2 Rd3 {#R} 0-1

[Event "Ch URS (1/2 final)"]
[Site "Novosibirsk (Russia)"]
[Round "0"]
[White "Nikolaevsky Yuri V (RUS)"]
[Black "Maslov Leonid P (UZB)"]
[Result "1-0"]
[WhiteElo "2490"]
[BlackElo "2300"]

1.c4 c5 2.Nc3 Nc6 3.e3 g6 4.d4 Bg7 5.d5 Na5 6.e4 d6 7.Bd3 Bxc3+ 8.bxc3 b6
9.Nf3 Ba6 10.O-O f6 11.Be3 Qd7 12.Nd2 e5 13.f4 O-O-O 14.fxe5 dxe5 15.Nb3 Qa4
16.Nxa5 Qxa5 17.Qb3 h5 18.a4 Rh7 19.h4 Rd6 20.Ra2 Kd8 21.Qc2 Bc8 22.Rb1 Bd7
23.Rb5 Qa6 24.a5 Bxb5 25.axb6 Ba4 26.Rxa4 Qxb6 27.Rb4 Qc7 28.Rb5 Ra6 29.Rxc5
Qd7 30.Qb2 Ne7 31.Rb5 Qg4 32.Qb1 g5 33.c5 Nc8 34.Rb8 Ra5 35.c6 gxh4 36.d6 h3
37.Bf1 hxg2 38.c7+ Kd7 39.Bb5+ Kxd6 40.Rxc8 Rxb5 41.Qd3+ {#r} 1-0

[Event "Ch World (students)"]
[Site "Graz (Austria)"]
[Round "2"]
[White "Basagic Zlatko (SLO)"]
[Black "Velikov Petar (BUL)"]
[Result "1-0"]
[WhiteElo "2316"]
[BlackElo "2335"]

1.c4 c5 2.Nc3 Nc6 3.Nf3 g6 4.d4 cxd4 5.Nxd4 Bg7 6.Nxc6 bxc6 7.g3 Nf6 8.Bg2 O-O
9.O-O Rb8 10.Qc2 d6 11.b3 Bf5 12.Qd2 Ne4 13.Bxe4 Bxe4 14.Bb2 Bf5 15.Rfd1 Qc7
16.Na4 Rfd8 17.Rac1 Qb7 18.Bxg7 Kxg7 19.e4 Bg4 20.f3 Be6 21.Qa5 Rd7 22.Rd2 f6
23.Rcd1 c5 24.Qc3 Rc7 25.Qe3 Bd7 26.Nc3 Bc6 27.g4 Rcc8 28.Ne2 a5 29.g5 fxg5
30.Qxg5 Rf8 31.Nf4 Qd7 32.Rg2 e6 33.Nxg6 hxg6 34.Rxd6 Qf7 35.Rxc6 Rb7 36.Qe5+
Kh7 37.Rg3 Qf6 38.Rxc5 a4 39.Qxf6 Rxf6 40.Rb5 Rxb5 41.cxb5 axb3 42.axb3 Rf7
43.Kf2 Rc7 44.Ke3 Rc3+ 45.Kd4 Rxb3 46.Kc5 Rc3+ 47.Kb6 Rc2 48.Rg5 Rxh2 49.Kc6
Rf2 50.b6 Rxf3 51.b7 Rf8 52.Ra5 {#r} 1-0

[Event "Ch DDR"]
[Site "Goerlitz (Germany)"]
[Date "1972.02.10"]
[Round "5"]
[White "Schoeneberg Manfred (GER)"]
[Black "Brameyer Hermann (GER)"]
[Result "1-0"]
[WhiteElo "2470"]
[BlackElo "2197"]

1.c4 c5 2.Nc3 Nc6 3.Nf3 g6 4.e3 Bg7 5.d4 cxd4 6.exd4 d6 7.d5 Nb8 8.Be3 Nf6
9.Be2 Bg4 10.h3 Bxf3 11.Bxf3 Nbd7 12.Rc1 O-O 13.O-O Nb6 14.Be2 Rc8 15.Nb5 a6
16.Nd4 Re8 17.b4 Kh8 18.Qb3 e6 19.dxe6 fxe6 20.Rfd1 Qe7 21.Nf3 Nbd7 22.Bg5 Qf8
23.a3 d5 24.cxd5 Nxd5 25.Nd4 Rxc1 26.Bxc1 N7f6 27.Bf3 Qd6 28.Bb2 b5 29.Nxe6
Rxe6 30.Bxf6 Bxf6 31.Bxd5 Re7 32.Bf3 Qc7 33.Qd5 Kg7 34.g3 Qb6 35.Kg2 Rc7
36.Rd2 Re7 37.Rc2 Rc7 38.Rc5 Bb2 39.Qd8 Rb7 40.Qd2 {#r} 1-0

[Event "Memorial M.Vidmar"]
[Site "Ljubljana/Portoroz (Slovenia)"]
[Round "9"]
[White "Ivkov Borislav (SRB)"]
[Black "Osterman Rudolf (SLO)"]
[Result "1-0"]
[WhiteElo "2520"]
[BlackElo "2370"]

1.c4 c5 2.Nc3 Nc6 3.Nf3 g6 4.e3 Bg7 5.d4 cxd4 6.exd4 d6 7.Be2 Nf6 8.d5 Nb8
9.O-O Na6 10.Re1 Bd7 11.Bf1 O-O 12.Bf4 Re8 13.Rc1 Nc7 14.h3 a5 15.Qd2 Na6
16.Bh6 Nc5 17.Bxg7 Kxg7 18.Re3 Ra6 19.Rce1 e5 20.dxe6 fxe6 21.Nb5 Bxb5 22.cxb5
Ra8 23.Rd1 Nd5 24.Ree1 Rc8 25.Ng5 Nb4 26.a3 Nc2 27.Qxc2 Qxg5 28.Rxd6 a4
29.Qc3+ Kh6 30.Re5 Qf4 31.Rxc5 {#r} 1-0

[Event "It"]
[Site "Eksjo (Sweden)"]
[Round "8"]
[White "Ljungquist Lennart (SWE)"]
[Black "Ek Hans (SWE)"]
[Result "0-1"]
[WhiteElo "2250"]
[BlackElo "2325"]

1.c4 c5 2.Nc3 Nc6 3.Nf3 g6 4.d4 cxd4 5.Nxd4 Bg7 6.Nc2 d6 7.Qd2 Qa5 8.Nd5 Qd8
9.Rb1 Nf6 10.f3 O-O 11.e4 Nxd5 12.exd5 Ne5 13.b3 Bf5 14.f4 Nd7 15.Bb2 Bxc2
16.Qxc2 Qa5+ 17.Kd1 Qxa2 18.Bxg7 Qxc2+ 19.Kxc2 Kxg7 20.Be2 Rfc8 21.Rhe1 Kf8
22.Kd3 Nc5+ 23.Kd4 a5 24.Bd1 Ra6 25.Re3 Rc7 26.Bc2 b5 27.cxb5 Rb6 28.b4 axb4
29.Rxb4 Na6 30.Rc4 Rxb5 31.Rxc7 Nxc7 32.Be4 f5 {#R} 0-1

[Event "It"]
[Site "Buenos Aires (Argentina)"]
[Round "0"]
[White "Emma Jaime (ARG)"]
[Black "Polo Gomez Vicente (ARG)"]
[Result "1-0"]
[WhiteElo "2395"]
[BlackElo "2212"]

1.c4 c5 2.Nc3 Nc6 3.Nf3 g6 4.e3 Bg7 5.d4 Nf6 6.d5 Na5 7.e4 d6 8.h3 O-O 9.Bg5
e6 10.Bd3 exd5 11.Nxd5 Be6 12.O-O Re8 13.Qd2 Nc6 14.Rad1 Bxd5 15.cxd5 Nb4
16.Bb1 Qc7 17.a3 Na6 18.Rfe1 Nd7 19.Bh6 Bh8 20.Re2 c4 21.Rc1 b5 22.b4 Nb6
23.Be3 Nb8 24.Bd4 Be5 25.h4 N8d7 26.h5 Qd8 27.hxg6 hxg6 28.Nxe5 dxe5 29.Be3
Qh4 30.Rc3 Qe7 31.Bh6 a5 32.Rh3 Qf6 33.bxa5 Na4 34.Ree3 Qa6 35.Ref3 Qxa5
36.Qc1 f6 37.Bg7 Kf7 38.Bxf6 Rg8 39.Bd8+ Ke8 40.Bxa5 Rxa5 41.Rh7 Ndc5 42.Qg5
{#r} 1-0

[Event "It (cat.6)"]
[Site "Wijk aan Zee (Netherlands)"]
[Round "3"]
[White "Hecht Hans-Joachim (GER)"]
[Black "Markland Peter R (ENG)"]
[Result "1-0"]
[WhiteElo "2505"]
[BlackElo "2405"]

1.c4 c5 2.Nc3 Nc6 3.Nf3 g6 4.e3 Bg7 5.d4 d6 6.Be2 Nh6 7.d5 Ne5 8.Nxe5 dxe5
9.e4 O-O 10.Be3 b6 11.f3 f5 12.Qd2 Nf7 13.g4 e6 14.O-O-O exd5 15.Nxd5 fxe4
16.fxe4 Bb7 17.h4 Nd6 18.Qc2 Bxd5 19.Rxd5 Qe7 20.g5 Qe6 21.Qd3 Rad8 22.Rg1 Nf7
23.Bg4 Rxd5 24.cxd5 Qe7 25.Be6 Kh8 26.h5 gxh5 27.Qe2 Nd6 28.Qxh5 Nxe4 29.Rh1
h6 30.Qg6 {#r} 1-0

[Event "It"]
[Site "Sunny Beach (Bulgaria)"]
[Round "0"]
[White "Hernandez Roman (CUB)"]
[Black "Bobotsov Milko G (BUL)"]
[Result "1-0"]
[WhiteElo "2375"]
[BlackElo "2405"]

1.c4 c5 2.Nc3 Nc6 3.Nf3 g6 4.e3 Bg7 5.d4 cxd4 6.exd4 Nh6 7.d5 Nb8 8.Bf4 Nf5
9.Qd2 h5 10.Bd3 d6 11.O-O Na6 12.Rfe1 Nc5 13.Bxf5 Bxf5 14.Nh4 Bc8 15.Bg5 f6
16.Nxg6 fxg5 17.Rxe7+ Qxe7 18.Nxe7 Kxe7 19.Qxg5+ Kf7 20.Nb5 Ne4 21.Qf4+ Nf6
22.Nxd6+ Kg6 23.Qg3+ Kh7 24.Re1 Ng8 25.Qd3+ {#r} 1-0

[Event "corr."]
[Site "DDR"]
[Round "0"]
[White "Lisek Juergen (GER)"]
[Black "Feustel Bernd (GER)"]
[Result "1-0"]
[WhiteElo "2247"]
[BlackElo "2284"]

1.c4 c5 2.Nc3 Nc6 3.Nf3 g6 4.e3 Bg7 5.d4 d6 6.d5 Nb8 7.Be2 Nf6 8.O-O O-O 9.Qc2
Na6 10.a3 Nc7 11.b4 cxb4 12.axb4 b5 13.Bb2 Bf5 14.Qd2 bxc4 15.Bxc4 Qb8 16.b5
Ne4 17.Nxe4 Bxb2 18.Qxb2 Bxe4 19.Rfd1 Qb7 20.Qb3 Bxf3 21.gxf3 Ne8 22.Ra3 Nf6
23.e4 Rfc8 24.Rda1 Nd7 25.Be2 Rc7 26.Qe3 Nb6 27.Qh6 Qc8 28.Ra6 Nd7 29.Rc6 Nc5
30.Qe3 a5 31.f4 Rxc6 32.dxc6 a4 33.e5 {#r} 1-0

[Event "It (open)"]
[Site "Sandomier (Poland)"]
[Round "11"]
[White "Krstev Krum"]
[Black "Bonchev Stoiko (BUL)"]
[Result "1-0"]
[WhiteElo "2360"]
[BlackElo "2220"]

1.c4 c5 2.Nc3 Nc6 3.e3 g6 4.d4 cxd4 5.exd4 Bg7 6.d5 Nd4 7.Nf3 Nxf3+ 8.Qxf3 d6
9.Bd3 Nf6 10.O-O O-O 11.Bg5 Bd7 12.Rfe1 Rc8 13.Qe3 Re8 14.Qxa7 Ng4 15.h3 Ra8
16.Qxb7 Rb8 17.Qa7 Ra8 18.Qb7 Rb8 19.Qa6 Rxb2 20.Qa3 Nxf2 21.Bf1 Qb6 22.Be3
Bd4 23.Nb5 Bxb5 24.cxb5 Rc2 25.Bxd4 Qxd4 26.Qe3 Qxd5 27.a4 f5 28.a5 Ne4
29.Red1 Qe5 30.Qb3+ {#r} 1-0

[Event "Ch URS (w)"]
[Site "Tbilisi (Georgia)"]
[Round "1"]
[White "Litynska Marta (UKR)"]
[Black "Kobaidze Tsiuri (GEO)"]
[Result "1-0"]
[WhiteElo "2326"]
[BlackElo "2092"]

1.c4 c5 2.Nc3 Nc6 3.Nf3 g6 4.d4 cxd4 5.Nxd4 Bg7 6.e3 Nf6 7.Be2 O-O 8.O-O d6
9.b3 Nxd4 10.exd4 d5 11.cxd5 Nxd5 12.Nxd5 Qxd5 13.Bb2 Bf5 14.Bf3 Qd7 15.Rc1
Rac8 16.Qe2 h5 17.h3 h4 18.d5 Bxb2 19.Qxb2 Rxc1 20.Rxc1 Rc8 21.Re1 Rc2 22.Qa3
e6 23.Qxa7 exd5 24.Rd1 Be6 25.a4 Qc7 26.Qd4 Rc1 27.Qxh4 Rxd1+ 28.Bxd1 Qc3
29.Kh2 d4 30.Qe4 b6 31.Bc2 Bxb3 32.Bxb3 Qxb3 33.Qxd4 Qe6 34.f4 Qc6 35.Kg3 Qe6
36.Kf3 Qc6+ 37.Qe4 Qc3+ 38.Kf2 Qd2+ 39.Kg3 Qd6 40.Qe8+ Kh7 41.Qxf7+ Kh6 42.Qg8
Qd4 43.Qf8+ Kh7 44.Kh4 Qxa4 45.Qf7+ Kh8 46.Kg5 Qb5+ 47.Kxg6 Qd3+ 48.Qf5 Qg3+
49.Qg5 Qd3+ 50.f5 {#r} 1-0

[Event "Ch Europe (juniors)"]
[Site "Groningen (Netherlands)"]
[Round "13"]
[White "Sanna Gianlazzaro (ITA)"]
[Black "Karp Michael (ISR)"]
[Result "1-0"]
[WhiteElo "2370"]
[BlackElo "2200"]

1.c4 c5 2.Nc3 Nc6 3.Nf3 g6 4.e3 Bg7 5.d4 cxd4 6.exd4 d6 7.Be2 Bg4 8.Be3 Nh6
9.d5 Bxf3 10.Bxf3 Ne5 11.Be2 Nf5 12.Bf4 Rc8 13.Rc1 O-O 14.b3 Qa5 15.Qd2 Rfe8
16.O-O h6 17.h3 a6 18.Kh1 g5 19.Bh2 Ng6 20.Bg4 Nd4 21.Bxc8 Rxc8 22.f4 b5 23.f5
Nh4 24.f6 Bxf6 {#r} 1-0

[Event "It"]
[Site "Tunja (Colombia)"]
[Round "0"]
[White "Cuellar Gacharna Miguel (COL)"]
[Black "Agudelo Antonio (COL)"]
[Result "1-0"]
[WhiteElo "2280"]
[BlackElo "2204"]

1.c4 c5 2.Nc3 Nc6 3.Nf3 g6 4.d4 cxd4 5.Nxd4 Bg7 6.Nc2 d6 7.e4 Be6 8.Be2 Bxc3+
9.bxc3 Qa5 10.O-O Nf6 11.f3 O-O 12.Rb1 Rab8 13.Nd4 Qxc3 14.Nb5 Qe5 15.Kh1 Ne8
16.Bh6 Ng7 17.Qd2 f5 18.exf5 Rxf5 19.Bd3 Rh5 20.Bf4 Qf6 21.g4 Rc5 22.Be3 Rxc4
23.Bxc4 Bxc4 24.Rf2 a6 25.Nc3 Qf7 26.f4 Qe6 27.h3 d5 28.Re1 Qd6 29.Bd4 Ne6
30.Be5 Nxe5 31.Rxe5 Rd8 32.Qe1 d4 33.Ne4 Bd5 34.Kg1 Qa3 35.Kh2 Bxe4 36.Rxe4
Nc5 37.Rxe7 d3 38.Qe5 Qc3 39.Qxc3 {#r} 1-0